| 000 | 00519nam a2200181Ia 4500 | ||
|---|---|---|---|
| 003 | GCL | ||
| 008 | 140319s9999 xx 000 0 ara d | ||
| 040 |
_aGCL / _cGCL |
||
| 082 | 0 | 4 |
_a811.082 _bس ب |
| 100 | 1 | _aسعد دعبيس | |
| 245 | 1 | 0 |
_aالبحث عن أنسان: شعر / _cسعد دعبيس |
| 260 |
_a[S.N] : _bالصدر لخدمات الطباعة ، _c1988 |
||
| 300 | _a182 ص | ||
| 490 | _a | ||
| 650 | 0 | 4 | _aالشعر العربى |
| 650 | 0 | 4 | _aالقصائد والدواوين |
| 942 |
_2ddc _cBK |
||
| 999 |
_c37236 _d37236 |
||